Freguesias de Chaves - Statistics

Estatísticas Gerais
  • Esse quiz foi jogado 11 vezes
  • A pontuação média é 20 de 51
Estatísticas das Respostas
Número Freguesia % Correto
44 Vidago
80%
46 Vilar de Nantes
80%
45 Vila Verde da Raia
80%
50 Vilela do Tâmega
80%
51 Vilela Seca
80%
3 Arcossó
60%
4 Bobadela
60%
8 Cimo de Vila da Castanheira
60%
9 Curalha
60%
19 Oucidres
60%
20 Oura
60%
28 Sanjurge
60%
29 Santa Cruz/Trindade
60%
33 Santo Estêvão
60%
35 São Pedro de Agostém
60%
36 São Vicente
60%
47 Vilarelho da Raia
60%
48 Vilarinho das Paranheiras
60%
1 Águas Boas
40%
2 Anelhe
40%
11 Ervededo
40%
12 Faiões
40%
15 Madalena
40%
18 Nogueira da Montanha
40%
24 Redondelo
40%
26 Samaiões
40%
27 Sanfins
40%
32 Santo António de Monforte
40%
34 São Julião de Montenegro
40%
37 Seara Velha
40%
38 Selhariz
40%
41 Travancas
40%
42 Tronco
40%
43 Vale de Anta
40%
5 Bustelo
20%
7 Cela
20%
13 Lama de Arcos
20%
16 Mairos
20%
17 Moreiras
20%
21 Outeiro Seco
20%
23 Póvoa de Agrações
20%
25 Roriz
20%
30 Santa Leocádia
20%
40 Soutelinho da Raia
20%
6 Calvão
0%
10 Eiras
0%
14 Loivos
0%
22 Paradela
0%
31 Santo Maria Maior
0%
39 Soutelo
0%
49 Vilas Boas
0%
Nenhum quiz correspondente encontrado
Distribuição das Pontuações
Porcentagem de Pessoas com Cada Pontuação
Percentil de Números Respondidos
Sua Pontuação Histórica
Você não jogou esse quiz